000 00472nam a2200193Ia 4500
999 _c17252
_d17252
003 0100
005 20170530090647.0
008 130303s9999 xx 000 0 und d
040 _cARRUPELIB
050 _aDT443.3.S92C36 1997
100 _aCaplan, Pat
_930619
245 _aAfrican Voices, African Lives
245 _bPersonal Narratives from a Swahili Village
260 _bRoutledge
_aLondon
_c1997
300 _a267p
650 _aMinazini (Tanzania)
_931623
650 _aReligious Life and Customs Minazini(Tanzania)
_xSocial Life and Customs
_931624
942 _2lcc
_cMONOGRAPH